000 00378nam a2200133Ia 4500
008 240719s9999 xx 000 0 und d
041 _aeng
082 _a658.15224 JOR
100 _aJordan Westerfield Ross
245 _aFundamentals Of Corporate Finance
260 _aNew York
_bMcgraw-Hill
_c2003
300 _a776.; P. 28 Cm
520 _aGifted By : IMT Faculty Dr. Pawan Jain
999 _c41254
_d41254